000 00780cam a2200265 4500
999 _c7049
_d7049
001 7049
003 BD-JhCC
005 20180416101112.0
008 691205s1969 mau b 001 0 eng
035 _a(BD-JhCC)7049
_a(BD-JhCC)
040 _aDLC
_cDLC
_dDLC
_d(BD-JhCC)
041 _aeng
050 0 0 _aBF637.C6
_bH32
082 0 0 _a157/.9
_bHAS 1969
100 1 _aHansen, Donald A.
245 1 0 _aExplorations in sociology and counseling /
_cWith essays by Jessie Bernard [and others] Edited by Donald A. Hansen.
260 _aBoston,
_bHoughton Mifflin
_c[1969]
300 _axvii, 456 p.
_c25 cm.
504 _aIncludes bibliographies.
650 0 _aCounseling.
650 0 _aPsychotherapy.
700 1 _aBernard, Jessie,
_d1903-1996.
942 _2ddc
_cBK